Hardest Philadelphia Eagles Quiz - Statistics

General Stats
  • This quiz has been taken 617 times
  • The average score is 22 of 53
Answer Stats
Hint Answer % Correct
Who did the Eagles beat to win their first Super Bowl!!! New England Patriots
95%
Who is known as "Big D*ck Nick" Nick Foles
94%
Who coached the Eagles to their first ever Super Bowl Victory!!! Doug Pederson
92%
What coach led the Eagles to (5) NFC Championships and (1) Super Bowl Andy Reid
81%
Who is known as "Weapon X" Brian Dawkins
81%
Who scored on a punt return with 0:00 left in the game against the New York Giants to complete the 21-point comeback Desean Jackson
80%
Who recorded 21 sacks in a single season Reggie White
76%
Current stadium Lincoln Financial Field
73%
The Eagles signed this player in 2009 after he was released from prison Michael Vick
71%
What team do fans hate the most Dallas Cowboys
70%
What wide receiver did the Eagles trade for in 2004 Terrell Owens
68%
Who puked in Super Bowl XXXIX Donovan McNabb
64%
Eagles quarterback that threw for 33 touchdowns in 2017 Carson Wentz
56%
What coach did the Eagles hire in 2013 who had not coached a single NFL game Chip Kelly
56%
The eagles moved from Franklin Field to this classic stadium Veterans Stadium
56%
The franchise let Brian Dawkins leave in free agency to this team Denver Broncos
55%
Who is known as "Jaws" Ron Jaworski
55%
In December of 2008 the Eagles had to beat the Cowboys to make the playoffs, the final score was Eagles 44 - Cowboys ? 6
54%
Who is known as "The Green Goblin" Jalen Mills
51%
The Eagles combined their team with the Steelers in 1943 and were known by what name Steagles
50%
Best wide receiver in Eagles history (6'8") Harold Carmichael
49%
Who did the Eagles play in a game that is known as the "Body Bag Game" Washington Redskins
49%
Who did Eagles fans throw snow balls at (haha) Santa Claus
43%
The 2002 season ended in the NFC Championship (2003) after McNabb threw an interception to this player from the Tampa Bay Buccaneers Ronde Barber
36%
Who is known as "Concrete Charlie" Chuck Bednarik
35%
Who caught the pass on the play known as "Fourth down and 26 yards to go" Freddie Mitchell
34%
What quarterback led the Eagles to their 1960 championship victory over the Packers Norm Van Brocklin
34%
Who was the Eagles coach in the "Fog Bowl" Buddy Ryan
33%
What player boldy called the Eagles the "Dream Team" in the 2011 offseason after a plethra of free agent signings Vince Young
32%
Who famously kneeled the ball on the one yard line to end the game against Dallas and win 10-6 in 2007 Brian Westbrook
31%
Who was the Eagles coach in their 1980 Super Bowl appearance Dick Vermeil
31%
Who executed a 91 yard punt in 1989 Randall Cunningham
31%
What former 49ers quarterback led the Eagles to four straight victories at the end of the 2006 season after McNabb got hurt Jeff Garcia
27%
The most famous play in Eagles history was executed by Trey Burton and Nick Foles, it is known as Philly Philly
27%
This runningback rushed for 194yds on 26 carries while nursing a sore knee in the 1980 NFC Championship game against the Cowboys Wilbert Montgomery
27%
Who returned a fumble for a touchdown in what is known as the "Miracle in the Meadowlands" Herm Edwards
26%
This defensive coordinator had the Eagles defense ranked in the top 10 of scoring defenses seven times in a nine year span (under Andy Reid) Jim Johnson
25%
Who famously leveled Reggie Bush in the 2007 playoffs against the Saints Sheldon Brown
25%
Linebacker wearing jersey no. 54 (known as the "Axe Man") Jeremiah Trotter
24%
What was the name of the quarterback that Andy Reid drafted from Houston (this player lost his job to Michael Vick) Kevin Kolb
24%
This player was signed in 2011 and is widely known as the worst free agent signing in Eagles history (this player came from Oakland) Nnamdi Asomugha
22%
Who did Brian Dawkins deliver a vicious blow to against the Falcons in their 2004 NFC Championship victory Alge Crumpler
21%
Who was the 30-year-old bartender who made it on the Eagles team as a receiver/special teams player Vince Papale
19%
What was the name of the wide receiver that caught a 99 yard touchdown pass in overtime Mike Quick
17%
What player did the Eagles loyal fanbase cheer when he got hurt playing Dallas Michael Irvin
16%
Who returned a 94 yard interception against Boomer Esiason's Jets in 1993 Eric Allen
15%
Who returned an interception of 102 yards to win the game in Terrell Owens return to Philadelphia as a Cowboy Lito Sheppard
15%
Donovan McNabb threw four touchdowns on a broken ankle against this team Arizona Cardinals
12%
Name this popular fan favorite food that you have to get at least once at an Eagles game (think Philly) Philly Cheese Steak
11%
What quarterback stepped up after Donovan McNabb and Koy Detmer got hurt in 2002 A.J. Feeley
10%
In 2011 the Eagles promoted this offensive line coach to defensive coordinator (yikes) Juan Castillo
9%
What pro bowl defensive end knocked Bears quarterback Jim Miller out of a game on an interception and fought Donovan McNabb in the locker room (haha) Hugh Douglas
8%
The Eagles memorable 2002 draft had them selecting Lito Sheppard, Sheldon Brown, Brian Westbrook, and this Safety who played along side Brian Dawkins Michael Lewis
6%
No matching quizzes found
Score Distribution
Percent of People with Each Score
Percentile by Number Answered
Your Score History
You have not taken this quiz